01831 a2200229 450000500170000002000180001705000220003510000390005724500930009625000190018926400680020830000370027633600260031333700280033933800270036750000200039450502540041452008460066865000190151465000220153370000460155520250618125750.0 a978153101197000aKF 240bROM 20201 aRomantz, David S.,d1965-eauthor.10aLegal analysis :bthe fundamental skill /cby David S. Romantz, Kathleen Elliott Vinson. aThird edition. 1aDurham, North Carolina :bCarolina Academic Press, LLC,c[2020] axi, 134 pages :billustrations ; atextbtxt2rdacontent aunmediatedbn2rdamedia avolumebnc2rdacarrier aIncludes index.0 aThe foundations of legal analysis -- Rules -- Inductive analysis and analogical reasoning -- Deductive analysis & rule-based reasoning -- Statutory analysis -- Policy-based reasoning and other considerations -- Legal analysis using a CREAC paradigm. a"This book teaches students the critical skills of legal reasoning. This popular book is a practical and clear guide that explains the many ways lawyers analyze the law. The authors demystify legal analysis by examining the foundations and methodology of legal problem solving and by discussing the different levels of critical thinking necessary to develop effective legal arguments. The book emphasizes the importance of applying the law as opposed to relying excessively on formulaic methods of analysis. New to the second edition, the book examines rule-based reasoning and the implicit rule; deductive analysis and resolving statutory ambiguity; case-law reasoning and inductive analysis; the role of policy in legal argument; and the structure and variations of legal argument and CREAC. New examples and exercises are also included"-- 0aLegal research 0aLawxMethodology.1 aVinson, Kathleen Elliott,d1969-eauthor.